00932nam a2200277 i 4500001001000000003000900010005001700019007000300036008004100039040003000080041000800110082001900118100004000137245007800177264008300255300002800338336002700366337003300393338002800426590002600454650001000480910000700490942001400497952012600511999001700637000004130DO-SdBNP20250616101413.0ta250616s1981 dr r 001 0 spa d aDO-SdBNPbspacBNPHUerda hspa 4axxxbP418s2221 aPenson, Enrique912246eautor4aut.10aEl subsuelo de Santo Domingo :bsimposio del año 2000 /cEnrique Penson 4aSanto Domingo :bUniversidad Nacional Pedro Henriquez Ureña (UNPHU),c©1981 a242 páginas ;c24 cm. atextobtxt2rdacontent asin mediaciónbn2rdamedia avolumenbnc2rdacarrier aInventariado, 2025/DG 912247 aDG 2ddccLBS1 00102ddc51708PDaBNPHUbBNPHUcCTd2025-06-16edonaciónl0oBNPHU PD P418sp2025-5175r2025-06-16w2025-06-16yLBS1 c59289d59289